| 000 | nam a22 7a 4500 | ||
|---|---|---|---|
| 999 |
_c51870 _d51870 |
||
| 003 | OSt | ||
| 005 | 20220519124538.0 | ||
| 008 | 220519b xxu||||| |||| 00| 0 eng d | ||
| 040 | _cIIMT UNIVERSITY MEERUT | ||
| 100 | _aMEHTA , NIHAR P | ||
| 245 | _aP. J.MEHTA'S PRACTICAL MEDICINE | ||
| 250 | _a21ED | ||
| 260 |
_aNEW DELHI _bNATIONAL _c14-05-2022 |
||
| 300 | _a634 | ||
| 942 |
_2ddc _c01 |
||